| 000 | 00509nam a2200181Ia 4500 | ||
|---|---|---|---|
| 008 | 151202s9999||||xx |||||||||||||| ||und|| | ||
| 082 | _bPNVM-49779 | ||
| 100 | _aकदम बाबा. | ||
| 245 | _aकॉकटेल. | ||
| 260 | _b"दिलीपराज प्रकाशन, पुणे." | ||
| 260 | _c2004 | ||
| 300 | _a316 | ||
| 600 | _aकदम बाबा. | ||
| 630 | _aकॉकटेल. | ||
| 700 | _aकदम बाबा. | ||
| 730 | _aकॉकटेल. | ||
| 942 | _cBOOK | ||
| 999 |
_c1316105 _d1316102 |
||